MARC details
| 000 -LEADER |
| fixed length control field |
01579cam a2200397 a 4500 |
| 001 - CONTROL NUMBER |
| control field |
13833165 |
| 003 - CONTROL NUMBER IDENTIFIER |
| control field |
BDDh-ASL |
| 005 - DATE AND TIME OF LATEST TRANSACTION |
| control field |
20231015025805.0 |
| 008 - FIXED-LENGTH DATA ELEMENTS--GENERAL INFORMATION |
| fixed length control field |
041109s2004 ii a b 010 0 eng |
| 010 ## - LIBRARY OF CONGRESS CONTROL NUMBER |
| LC control number |
2004307915 |
| 020 ## - INTERNATIONAL STANDARD BOOK NUMBER |
| International Standard Book Number |
8173045488 |
| 025 ## - OVERSEAS ACQUISITION NUMBER |
| Overseas acquisition number |
I-E-2004-307915; 56-91 |
| 035 ## - SYSTEM CONTROL NUMBER |
| System control number |
(DLC) 2004307915 |
| 037 ## - SOURCE OF ACQUISITION |
| Source of stock number/acquisition |
Library of Congress -- New Delhi Overseas Office |
| Terms of availability |
Rs995.00 |
| 040 ## - CATALOGING SOURCE |
| Original cataloging agency |
DLC |
| Transcribing agency |
DLC |
| Modifying agency |
BDDh-ASL |
| 042 ## - AUTHENTICATION CODE |
| Authentication code |
lcode |
| 043 ## - GEOGRAPHIC AREA CODE |
| Geographic area code |
a-ii--- |
| 050 00 - LIBRARY OF CONGRESS CALL NUMBER |
| Classification number |
DS452 |
| Item number |
.S795 2004 |
| 082 00 - DEWEY DECIMAL CLASSIFICATION NUMBER |
| Classification number |
297.272 |
| Edition number |
22 |
| Item number |
SUF |
| 245 00 - TITLE STATEMENT |
| Title |
Sufis, sultans, and feudal orders : |
| Remainder of title |
Professor Nurul Hasan commemoration volume / |
| Statement of responsibility, etc. |
edited by Mansura Haidar. |
| 260 ## - PUBLICATION, DISTRIBUTION, ETC. |
| Place of publication, distribution, etc. |
New Delhi : |
| Name of publisher, distributor, etc. |
Manohar, |
| Date of publication, distribution, etc. |
2004. |
| 300 ## - PHYSICAL DESCRIPTION |
| Extent |
xvi, 497 p. : |
| Other physical details |
ill. ; |
| Dimensions |
23 cm. |
| 500 ## - GENERAL NOTE |
| General note |
"Centre of Advanced Study, Department of History, Aligarh Muslim University." |
| 504 ## - BIBLIOGRAPHY, ETC. NOTE |
| Bibliography, etc. note |
Includes bibliographical references. |
| 520 ## - SUMMARY, ETC. |
| Summary, etc. |
Contributed articles honoring Professor Nurul S. Hasan, b. 1921, on Indian history in medieval period, during 14th to 19th century and sufism; also includes some memoirs on him. |
| 600 10 - SUBJECT ADDED ENTRY--PERSONAL NAME |
| Personal name |
Nurul Hasan, S. |
| Fuller form of name |
(Saiyid), |
| Dates associated with a name |
1921-1993. |
| 650 #0 - SUBJECT ADDED ENTRY--TOPICAL TERM |
| Topical term or geographic name entry element |
Sufism |
| Geographic subdivision |
India |
| General subdivision |
History. |
| 651 #0 - SUBJECT ADDED ENTRY--GEOGRAPHIC NAME |
| Geographic name |
India |
| General subdivision |
History |
| Chronological subdivision |
1000-1765. |
| 651 #0 - SUBJECT ADDED ENTRY--GEOGRAPHIC NAME |
| Geographic name |
India |
| General subdivision |
History |
| Chronological subdivision |
19th century. |
| 700 1# - ADDED ENTRY--PERSONAL NAME |
| Personal name |
Haidar, Mansura. |
| 700 1# - ADDED ENTRY--PERSONAL NAME |
| Personal name |
Nurul Hasan, S. |
| Fuller form of name |
(Saiyid), |
| Dates associated with a name |
1921-1993. |
| 710 2# - ADDED ENTRY--CORPORATE NAME |
| Corporate name or jurisdiction name as entry element |
Aligarh Muslim University. |
| Subordinate unit |
Centre of Advanced Study in History. |
| 906 ## - LOCAL DATA ELEMENT F, LDF (RLIN) |
| a |
7 |
| b |
cbc |
| c |
origode |
| d |
3 |
| e |
ncip |
| f |
20 |
| g |
y-gencatlg |
| 942 ## - ADDED ENTRY ELEMENTS (KOHA) |
| Source of classification or shelving scheme |
Dewey Decimal Classification |
| Koha item type |
Books |